| 000 | 00988nam a2200301 i 4500 | ||
|---|---|---|---|
| 001 | 000023930 | ||
| 003 | DO-SdBNP | ||
| 005 | 20240813110656.0 | ||
| 007 | ta | ||
| 008 | 110117s2010 dr 000 p spa d | ||
| 020 | _a9789945460742 | ||
| 040 |
_aDO-SdBNP _bspa _cBNPHU _erda |
||
| 082 | 4 |
_aRD861.5 _bC794r _222 |
|
| 100 | 1 |
_aCordero, Daniel Antonio, _949233 _eautor |
|
| 245 | 1 | 0 |
_aRosas del alma / _cDaniel Antonio Cordero ; prólogo, Bellanirys Brioso. |
| 264 |
_aSanto Domingo : _bSantuario, _c2010. |
||
| 300 |
_a105 páginas ; _c21 cm. |
||
| 336 |
_2rdacontent _atexto _btxt |
||
| 337 |
_2rdamedia _asin mediación _bn |
||
| 338 |
_2rdacarrier _avolumen _bnc |
||
| 500 | _aIncluye datos biográficos del autor en la solapa de la cubierta | ||
| 590 | _aInventariado, 2019/MFF | ||
| 650 | 4 |
_aPoesía dominicana _966 |
|
| 650 | 4 |
_aLiteratura dominicana. _967 |
|
| 700 | 1 |
_aBrioso, Bellanirys, _eprólogo _949234 |
|
| 910 | _aValidado. Control de calidad MFF | ||
| 942 |
_2ddc _cLBS1 |
||
| 999 |
_c23426 _d23426 |
||